Bama QBs Under Saban - Statistics

General Stats
  • This quiz has been taken 27 times
  • The average score is 8 of 13
Answer Stats
Hint Answer % Correct
2017-2018 Tua Tagovailoa
96%
2016-2017 Jalen Hurts
92%
2021-2022 Bryce Young
88%
2019-2020 Mac Jones
80%
2011-2013 AJ McCarron
72%
2022-2023 Jalen Milroe
72%
2009-2010 Greg McElroy
52%
2014 Blake Sims
44%
2015 Jake Coker
40%
2006-2008 John Parker Wilson
32%
2023 Tyler Buchner
32%
2015 Cooper Bateman
28%
2016 Blake Barnett
24%
No matching quizzes found
Score Distribution
Percent of People with Each Score
Percentile by Number Answered
Your Score History
You have not taken this quiz